[Event "Arber op (Women) 3rd"]
[Site "Bayerisch Eisenstein"]
[Date "2015.08.01"]
[Round "1"]
[White "Sherif, Amina"]
[Black "Ehmann, Johanna"]
[Result "1-0"]
[WhiteElo "1937"]
[BlackElo "1613"]
[PlyCount "108"]
[EventDate "2015.08.01"]
[EventType "swiss"]
[EventRounds "9"]
[EventCountry "GER"]
[SourceTitle "EXT 2016"]
[Source "ChessBase"]
[SourceDate "2015.10.08"]
[SourceVersion "1"]
[SourceVersionDate "2015.10.08"]
[SourceQuality "1"]

1. e4 e5 2. Nf3 Nc6 3. Bb5 a6 4. Ba4 Nf6 5. d3 Be7 6. Bxc6 dxc6 7. Nxe5 Bc5 8. Nf3 0-0 9. 0-0 Bg4 10. Re1 Re8 11. Nbd2 Qd7 12. Nf1 Rad8 13. Bf4 Bb6 14. Ng3 Nh5 15. Nxh5 Bxh5 16. Qd2 Qg4 17. Ne5 Qe6 18. Nc4 Rd7 19. Be3 Bd4 20. Bxd4 Rxd4 21. Qe3 Rd7 22. Qa7 b5 23. Nd2 c5 24. Qxc5 Bg6 25. Nb3 Qf6 26. Qc3 Qb6 27. a4 b4 28. Qc5 Qb7 29. a5 h6 30. Ra4 Rb8 31. Qc4 Rd6 32. Nc5 Qb5 33. Qxb5 Rxb5 34. Nb3 c5 35. Raa1 f6 36. e5 fxe5 37. Rxe5 c4 38. Rxb5 axb5 39. a6 Rd8 40. a7 Ra8 41. dxc4 bxc4 42. Nd4 c3 43. bxc3 bxc3 44. Nb5 Be4 45. Nc7 Rd8 46. a8Q Bxa8 47. Rxa8 Rxa8 48. Nxa8 Kf7 49. Nb6 Ke6 50. Na4 Kd5 51. Nxc3+ Kc4 52. Ne2 Kd5 53. Kf1 g5 54. Ke1 h5 1-0

[Event "Dortmund Helmut Kohl"]
[Site "Dortmund"]
[Date "2015.07.05"]
[Round "9"]
[White "Sherif, Amina"]
[Black "Vereggen, Lars"]
[Result "0-1"]
[WhiteElo "1929"]
[BlackElo "2307"]
[PlyCount "78"]
[EventDate "2015.06.27"]
[EventType "tourn"]
[EventRounds "9"]
[EventCountry "GER"]
[SourceTitle "CBM 167 Extra"]
[Source "ChessBase"]
[SourceDate "2015.09.14"]
[SourceVersion "1"]
[SourceVersionDate "2015.09.14"]
[SourceQuality "1"]

1. e4 g6 2. Nc3 Bg7 3. f4 a6 4. a4 d6 5. Nf3 Nf6 6. d3 0-0 7. Be2 c5 8. 0-0 Nc6 9. Qe1 d5 10. Qh4 dxe4 11. dxe4 Nd4 12. Bd1 Nd7 13. Nd5 f6 14. c3 Nxf3+ 15. Rxf3 Nb6 16. Ne3 f5 17. Bb3+ c4 18. Bc2 fxe4 19. Bxe4 Bf5 20. Bxf5 gxf5 21. a5 Nd5 22. Nxc4 Qc7 23. Ne3 Qc5 24. Qf2 Nf6 25. Nc2 Qb5 26. Nd4 Qd5 27. Qc2 Ng4 28. Rd3 Rac8 29. Qe2 Rc4 30. Qe6+ Qxe6 31. Nxe6 Re4 32. Re3 Nxe3 33. Nxf8 Ng4 34. Bd2 Bxf8 35. h3 Nf6 36. Rd1 e6 37. Bc1 Bc5+ 38. Kf1 Nd5 39. g3 Be3 0-1

[Event "Dortmund Helmut Kohl"]
[Site "Dortmund"]
[Date "2015.07.04"]
[Round "8"]
[White "Xu, Xianliang"]
[Black "Sherif, Amina"]
[Result "1-0"]
[WhiteElo "2117"]
[BlackElo "1929"]
[PlyCount "65"]
[EventDate "2015.06.27"]
[EventType "tourn"]
[EventRounds "9"]
[EventCountry "GER"]
[SourceTitle "CBM 167 Extra"]
[Source "ChessBase"]
[SourceDate "2015.09.14"]
[SourceVersion "1"]
[SourceVersionDate "2015.09.14"]
[SourceQuality "1"]

1. c4 e5 2. g3 d6 3. Nc3 f5 4. Bg2 Nf6 5. e3 c6 6. Nge2 Be7 7. d4 0-0 8. 0-0 Be6 9. b3 Qc7 10. d5 Bf7 11. e4 fxe4 12. Nxe4 Nxe4 13. Bxe4 Nd7 14. Nc3 Nf6 15. Bg2 Rac8 16. Bb2 Qa5 17. Qe1 Bd8 18. dxc6 bxc6 19. Rd1 Qc7 20. Qd2 Be7 21. Ne4 Nxe4 22. Bxe4 Be6 23. Qc2 h6 24. f4 exf4 25. Rde1 Bf7 26. Rxf4 Bg5 27. Rff1 Rce8 28. Bd4 Bh5 29. Qg2 Rc8 30. Qh3 Be8 31. Rxf8+ Kxf8 32. Rf1+ Kg8 33. Qe6+ 1-0